[Event "Aracaju Sergipe Memorial"]
[Site "Aracaju"]
[Date "2016.08.13"]
[Round "2.8"]
[White "Smith, Victor Gabriel Rang"]
[Black "Da Silva, Gabriel Santos"]
[Result "1-0"]
[WhiteElo "1800"]
[BlackElo "1786"]
[PlyCount "65"]
[EventDate "2016.08.12"]
[EventType "swiss"]
[EventRounds "5"]
[EventCountry "BRA"]
[SourceTitle "EXT 2022"]
[Source "ChessBase"]
[SourceDate "2021.10.06"]
[SourceVersion "1"]
[SourceVersionDate "2021.10.06"]
[SourceQuality "1"]

1. d4 Nf6 2. e3 g6 3. c4 Bg7 4. Nc3 d6 5. Bd3 0-0 6. Nf3 Nc6 7. a3 e5 8. 0-0 Nd7 9. dxe5 dxe5 10. Be4 Ne7 11. Qe2 f5 12. Bc2 e4 13. Nd4 Ne5 14. Rd1 Qe8 15. Ncb5 Qf7 16. Bb3 c5 17. Nc2 Be6 18. Nd6 Qf6 19. Nxb7 Nd7 20. Ba4 Rab8 21. Bxd7 Rxb7 22. Bxe6+ Qxe6 23. Rb1 Rfb8 24. Ne1 Nc8 25. Rd8+ Kf7 26. Rd1 Nb6 27. f3 Nxc4 28. fxe4 fxe4 29. Qf2+ Kg8 30. b4 cxb4 31. axb4 Rxb4 32. Rxb4 Rxb4 33. Rd8+ 1-0